000 00581cam a22002291 4500
001 sa 68006355
003 DLC
005 20260227112515.0
008 900220s1966 ii 000 0 urdr
010 _asa 68006355
035 _a(OCoLC)21098190
040 _aDLC
_cWaU
_dDLC
041 1 _aurd
_hpus
050 0 0 _aPL6825.U7
_bB8
100 1 _aBuk̲h̲ārī, Fārig̲h̲.
245 1 0 _aPushtū shāʻirī.
260 _c[1966]
300 _av.
_c22 cm.
500 _aIn Urdu.
650 0 _aPushto poetry
_xTranslations into Urdu.
700 0 _aRaz̤ā Hamdānī,
_d1914-1994.
999 _c81276
_d81276